| 000 | 01214na a2200277 4500 | ||
|---|---|---|---|
| 001 | 22840 | ||
| 003 | MIRAKIL | ||
| 005 | 20181213155241.0 | ||
| 008 | 170226b tu 000 0 | ||
| 035 | _a20666 | ||
| 040 |
_aMilas _btur _cTR-AnCHP |
||
| 041 | _atur | ||
| 082 |
_aCHP 350 _bKartal |
||
| 090 | _aCHP 350 Kartal | ||
| 091 | _aYEREL YÖNETİMLER 3 | ||
| 245 | _aCHP Kartal ilçe örgütünün çeşitli yazı, program ve faaliyet raporları | ||
| 500 | _aCHP il ve ilçe örgütlerinin yayınları, programları, ve çeşitli çalışma faaliyet ve raporları | ||
| 505 | _a1) Düşünen üreten işçiler konferansı: 15 Haziran 1997 / CHP Kartal İşçi Kurulu - 2) Sevgi saygı barış:1997 / CHP Kartal İlçe Kadın Kurulu | ||
| 610 |
_aCHP _xYerel yönetimler _yProgramlar |
||
| 610 |
_aCHP _xİl ve ilçe teşkilatları _yÇalışma raporları _zKartal, İstanbul |
||
| 610 |
_aCHP _xYerel yönetimler _yÇalışma raporları _zKartal, İstanbul |
||
| 740 | _aSevgi saygı barış:1997 / CHP Kartal İlçe Kadın Kurulu | ||
| 740 | _aDüşünen üreten işçiler konferansı: 15 Haziran 1997 / CHP Kartal İşçi Kurulu | ||
| 942 |
_2ddc _cBKS |
||
| 999 |
_c9277 _d9277 |
||